• 首页
  • 本馆介绍
  • 公告通知
  • 最新文献
  • 馆藏检索
  • 电子资源
  • 读者导购
  • 参考咨询
  • 我的图书馆
  • 登录
  • 详细信息显示
  • 放入我的书架
  • 预约/预借图书
  • 作者相关作品
  • 分类相关作品
  • 丛书相关作品
  • 出版社相关作品

书目信息

  • 表格格式
  • 工作单格式
  • 卡片格式
题名:
自学考试英语国家概况考点解析
    
 
作者: 李咏梅 著
分册:  
出版信息: 北京   中国石化出版社  2002.01
页数: 539页
开本: 21cm
丛书名:
单 册:
中图分类: H310.4
科图分类:
主题词: 英语--高等教育--自学参考资料
电子资源:
ISBN: 7-80164-138-8
000 00911nam0 2200253 450
001 0104000022
005 20050927111123.1
010    @a7-80164-138-8@dCNY25.00
100    @a20081130d2002 ekmy0chiy0120 ea
101 0  @achi@aeng
102    @aCN@b110000
105    @ay z 000yy
106    @ar
200 1  @a自学考试英语国家概况考点解析@AZi Xue Kao Shi Ying Yu Guo Jia Gai Kuang Kao Dian Jie Xi@f李咏梅著@FLi Yong Mei Zhu
210    @a北京@c中国石化出版社@d2002.01
215    @a539页@d21cm
330    @a本书是为学习《英语国家概况》一书而编写的参考指南。阐述了书中内容重点,提出文中的关键词汇,并针对考核目标进行讲解,最后提出问题,给出答案。
510 1  @aFocus on a survey of English speaking countries@zeng
606 0  @a英语@x高等教育@j自学参考资料
690    @aH310.4@v4
701  0 @a李咏梅@ALi Yong Mei@4著
801  0 @aCN@bHTDF@c20081130
905    @aBZT@dH310.4@e1@f10
906    @dCNY25.00@n0@r1
    
    自学考试英语国家概况考点解析/李咏梅著.-北京:中国石化出版社,2002.01
    539页;21cm
    
    
    ISBN 7-80164-138-8:CNY25.00
    本书是为学习《英语国家概况》一书而编写的参考指南。阐述了书中内容重点,提出文中的关键词汇,并针对考核目标进行讲解,最后提出问题,给出答案。
●
相关链接 在五车中查询图书 在当当中查询图书 在豆瓣中查询图书


正题名:自学考试英语国家概况考点解析     索取号:H310.4/1         预约/预借

序号 登录号 条形码 馆藏地/架位号 状态 备注
1 695392   2000695392   中心书库中库/ 中库037架B面4列5层30/ [索取号:H310.4/1] 在馆    
2 695393   2000695393   中心书库中库/ 中库037架B面4列5层29/ [索取号:H310.4/1] 在馆    
3 695394   2000695394   中心书库中库/ 中库037架B面4列5层35/ [索取号:H310.4/1] 在馆    
4 695395   2000695395   中心书库中库/ 中库037架B面4列5层37/ [索取号:H310.4/1] 在馆    
5 695396   2000695396   中心书库中库/ 中库037架B面4列5层32/ [索取号:H310.4/1] 在馆    
6 695397   2000695397   中心书库中库/ 中库037架B面4列5层33/ [索取号:H310.4/1] 在馆    
7 695398   2000695398   中心书库中库/ 中库037架B面4列5层28/ [索取号:H310.4/1] 在馆    
8 695399   2000695399   中心书库中库/ 中库037架B面4列5层36/ [索取号:H310.4/1] 在馆    
9 695400   2000695400   中心书库中库/ 中库037架B面4列5层31/ [索取号:H310.4/1] 在馆    
10 695401   2000695401   中心书库中库/ 中库037架B面4列5层34/ [索取号:H310.4/1] 在馆    
山东省滨州职业学院图书馆 欢迎您!
大连网信软件有限公司© 版权所有